[Event "GER-chT U20 Girls"]
[Site "Braunschweig"]
[Date "2019.12.29"]
[Round "5.4"]
[White "Wilhelm, Anna Lena"]
[Black "Cerkez, Lorena"]
[Result "0-1"]
[WhiteElo "1291"]
[BlackElo "1000"]
[PlyCount "56"]
[EventDate "2019.12.27"]
[EventType "team-swiss"]
[EventRounds "7"]
[EventCountry "GER"]
[SourceTitle "CBM 194 Extra"]
[Source "ChessBase"]
[SourceDate "2020.03.31"]
[SourceVersion "1"]
[SourceVersionDate "2020.03.31"]
[SourceQuality "1"]
[WhiteTeam "Stadtilm Blau Weiss"]
[BlackTeam "Duesseldorf SK"]
[WhiteTeamCountry "GER"]
[BlackTeamCountry "GER"]

1. d4 Nf6 2. Nc3 g6 3. e4 d6 4. f4 Bg7 5. Nf3 0-0 6. Be2 c6 7. Be3 Qc7 8. e5 dxe5 9. fxe5 Nfd7 10. Qd2 e6 11. 0-0-0 b5 12. a3 a5 13. Nb1 Nb6 14. b3 N8d7 15. g4 Nd5 16. Bh6 b4 17. Bxg7 Kxg7 18. a4 c5 19. h4 cxd4 20. Qxd4 Nc5 21. Bc4 Nb6 22. Qd6 Qxd6 23. Rxd6 Nxc4 24. bxc4 Ra6 25. Rd4 Nxa4 26. h5 Bb7 27. Rh3 Bxf3 28. Rxf3 Nc5 0-1

[Event "GER-chT U20 Girls"]
[Site "Braunschweig"]
[Date "2019.12.28"]
[Round "4.7"]
[White "Malinowsky, Celina"]
[Black "Wilhelm, Anna Lena"]
[Result "1/2-1/2"]
[WhiteElo "1293"]
[BlackElo "1291"]
[PlyCount "107"]
[EventDate "2019.12.27"]
[EventType "team-swiss"]
[EventRounds "7"]
[EventCountry "GER"]
[SourceTitle "CBM 194 Extra"]
[Source "ChessBase"]
[SourceDate "2020.03.31"]
[SourceVersion "1"]
[SourceVersionDate "2020.03.31"]
[SourceQuality "1"]
[WhiteTeam "Kiel Doppelbauer"]
[BlackTeam "Stadtilm Blau Weiss"]
[WhiteTeamCountry "GER"]
[BlackTeamCountry "GER"]

1. e4 c5 2. Nc3 d6 3. Bc4 Nf6 4. d3 Nc6 5. a3 a5 6. f4 e6 7. Nf3 d5 8. Ba2 Rb8 9. 0-0 Be7 10. Qe1 Nd4 11. Nxd4 cxd4 12. Nd1 0-0 13. e5 Ne8 14. Kh1 f5 15. Qe2 g6 16. Nf2 Ng7 17. Bd2 Bd7 18. Qe1 b6 19. Rb1 Rb7 20. Qe2 Rc7 21. Rbc1 Qc8 22. Qd1 Bb5 23. c3 dxc3 24. Bxc3 Bxa3 25. Qb3 Bxb2 26. Bxb2 Bc6 27. Ba3 Rff7 28. Bd6 Rb7 29. Qb5 Bxb5 30. Rxc8+ Ne8 31. Rfc1 Bd7 32. R8c3 Kg7 33. d4 Kg8 34. Nd1 Kg7 35. Bb3 a4 36. Ba2 Kg8 37. Nb2 Kg7 38. Nd3 Kg8 39. Nb4 Nxd6 40. exd6 Kg7 41. Nc6 Rf8 42. Ne5 Bb5 43. Rc7+ Rxc7 44. Rxc7+ Kf6 45. d7 Rd8 46. Rc8 Ke7 47. Rc7 Bxd7 48. Rb7 Ke8 49. Nxd7 Rxd7 50. Rxb6 Rc7 51. Rxe6+ Kd7 52. Re1 Kd6 53. h3 Rc2 54. Ra1 1/2-1/2

[Event "GER-chT U14 Girls"]
[Site "Neumuenster"]
[Date "2017.12.30"]
[Round "7.4"]
[White "Peglau, Dora"]
[Black "Wilhelm, Anna Lena"]
[Result "1/2-1/2"]
[WhiteElo "1301"]
[BlackElo "1122"]
[PlyCount "75"]
[EventDate "2017.12.26"]
[EventType "team-swiss"]
[EventRounds "7"]
[EventCountry "GER"]
[SourceTitle "CBM 182 Extra"]
[Source "ChessBase"]
[SourceDate "2018.02.23"]
[SourceVersion "1"]
[SourceVersionDate "2018.02.23"]
[SourceQuality "1"]
[WhiteTeam "Seeblick"]
[BlackTeam "Stadtilm Blau Weiss"]
[WhiteTeamCountry "GER"]
[BlackTeamCountry "GER"]

1. e4 e5 2. Nc3 Nf6 3. f4 d5 4. fxe5 Nxe4 5. Nf3 Bf5 6. Be2 d4 7. Nxe4 Bxe4 8. d3 Bxf3 9. Bxf3 c6 10. 0-0 Be7 11. Bf4 0-0 12. Qd2 Nd7 13. Rae1 Nc5 14. Be2 Ne6 15. Bg3 Bg5 16. Qd1 Qa5 17. Qa1 Qd2 18. Qc1 Qxc1 19. Rxc1 Bxc1 20. Rxc1 f6 21. Bg4 Rae8 22. exf6 Rxf6 23. Re1 Kf7 24. Be5 Rh6 25. Kf2 Rf8 26. Kg3 Rg6 27. Kh3 Ke7 28. Bxg7 Rxg7 29. Rxe6+ Kd8 30. Rd6+ Kc7 31. Rxd4 Rf2 32. Rc4 b5 33. Rc5 Kd6 34. Rc3 h5 35. Bf3 c5 36. a3 Rf1 37. Bxh5 Rb1 38. Rb3 1/2-1/2

[Event "GER-chT U14 Girls"]
[Site "Neumuenster"]
[Date "2017.12.28"]
[Round "4.4"]
[White "Wilhelm, Anna Lena"]
[Black "Burger, Radena"]
[Result "1-0"]
[WhiteElo "1122"]
[BlackElo "813"]
[PlyCount "68"]
[EventDate "2017.12.26"]
[EventType "team-swiss"]
[EventRounds "7"]
[EventCountry "GER"]
[SourceTitle "CBM 182 Extra"]
[Source "ChessBase"]
[SourceDate "2018.02.23"]
[SourceVersion "1"]
[SourceVersionDate "2018.02.23"]
[SourceQuality "1"]
[WhiteTeam "Stadtilm Blau Weiss"]
[BlackTeam "Neumarkt"]
[WhiteTeamCountry "GER"]
[BlackTeamCountry "GER"]

1. e4 e5 2. Nf3 Nc6 3. Bc4 Nf6 4. d3 h6 5. Be3 Bb4+ 6. Nbd2 d6 7. a3 Ba5 8. Qe2 Ne7 9. 0-0-0 Bd7 10. Rdg1 b5 11. Ba2 c6 12. h3 Qc8 13. d4 Be6 14. Bxe6 Qxe6 15. d5 cxd5 16. Qxb5+ Nd7 17. Qxa5 0-0 18. exd5 Qg6 19. Nh4 Qf6 20. g3 Rfb8 21. Ne4 Qf5 22. Nxf5 Nxf5 23. Qa4 Nb6 24. Bxb6 axb6 25. Qd7 Nd4 26. Re1 Rc8 27. c3 Nb3+ 28. Kb1 b5 29. Nxd6 Rf8 30. Rxe5 Nc5 31. Qxb5 Na4 32. Re8 Rfxe8 33. Nxe8 Rxe8 34. Qxe8+ Kh7 1-0

[Event "GER-chT U10"]
[Site "Magdeburg"]
[Date "2014.12.28"]
[Round "5.1"]
[White "Fritsch, Lea"]
[Black "Wilhelm, Anna Lena"]
[Result "1-0"]
[WhiteElo "879"]
[BlackElo "864"]
[PlyCount "51"]
[EventDate "2014.12.27"]
[EventType "team-swiss"]
[EventRounds "7"]
[EventCountry "GER"]
[SourceTitle "EXT 2016"]
[Source "ChessBase"]
[SourceDate "2015.10.08"]
[SourceVersion "1"]
[SourceVersionDate "2015.10.08"]
[SourceQuality "1"]
[WhiteTeam "Halle Volksbank"]
[BlackTeam "Stadtilm Blau Weiss II"]
[WhiteTeamCountry "GER"]
[BlackTeamCountry "GER"]

1. e4 e5 2. Nf3 Nc6 3. Bc4 Bc5 4. d3 h6 5. h3 Nf6 6. 0-0 d6 7. Nc3 Be6 8. Bxe6 fxe6 9. Be3 Bxe3 10. fxe3 Qd7 11. Qe2 0-0-0 12. d4 Nh5 13. Nd2 Ng3 14. Qg4 Nxf1 15. Rxf1 h5 16. Qe2 Rdg8 17. d5 Nb4 18. Nb5 Kb8 19. Qc4 Na6 20. dxe6 Qe7 21. Rf7 Qh4 22. Nf3 Qg3 23. Nxc7 Kc8 24. Nxa6+ Kd8 25. Qc7+ Ke8 26. Qd7# 1-0